000 00431nam a22001697a 4500
003 UA-OsUOA
001 5335
007 ta
008 20050721b un ||||| |||| 00| 0 ukr d
100 _aПархута
700 _aТ. М.
942 _cBK
040 _aUA-OsUOA
_cUA-OsUOA
_dUA-OsUOA
245 _aШляхи відбору лекс. мат. за темат. та значенням...
_bBA Paper
955 _a2
650 7 _2UDC
999 _c291497
_d291497